ბათუმის შოთა რუსთაველის სახელმწიფო უნივერსიტეტის ბიბლიოთეკა

История Экономических учений (ბიბ.ჩანაწერი № 37090)

000 -LEADER
fixed length control field 00679nam a2200253Ia 4500
001 - CONTROL NUMBER
control field 3046
003 - CONTROL NUMBER IDENTIFIER
control field GE_BSU
008 - FIXED-LENGTH DATA ELEMENTS--GENERAL INFORMATION
fixed length control field 181216s||||||||xx |||||||||||||| ||und||
010 ## - LIBRARY OF CONGRESS CONTROL NUMBER
LC control number 5881861439
040 ## - CATALOGING SOURCE
Transcribing agency GE_BSU
080 ## - UNIVERSAL DECIMAL CLASSIFICATION NUMBER
Universal Decimal Classification number 330.1(075.8)
100 ## - MAIN ENTRY--PERSONAL NAME
Personal name Грачев, В.А.
245 ## - TITLE STATEMENT
Title История Экономических учений
245 ## - TITLE STATEMENT
Remainder of title Учебное пособие
260 ## - PUBLICATION, DISTRIBUTION, ETC.
Place of publication, distribution, etc. Киров
260 ## - PUBLICATION, DISTRIBUTION, ETC.
Name of publisher, distributor, etc. АСА
260 ## - PUBLICATION, DISTRIBUTION, ETC.
Date of publication, distribution, etc. 1997
300 ## - PHYSICAL DESCRIPTION
Extent 160 ст. 20 см.
653 ## - INDEX TERM--UNCONTROLLED
Uncontrolled term История Экономических учений
653 ## - INDEX TERM--UNCONTROLLED
Uncontrolled term Экономика
653 ## - INDEX TERM--UNCONTROLLED
Uncontrolled term ეკონომიკა
942 ## - ADDED ENTRY ELEMENTS (KOHA)
Koha item type წიგნი
ეგზემპლარები
Withdrawn status Lost status Damaged status Not for loan Date acquired Barcode Date last seen Price effective from Koha item type Public note
        2018-12-17 7869 2018-12-17 2018-12-17 წიგნი დარბაზი
        2018-12-17 7870 2018-12-17 2018-12-17 წიგნი დარბაზი
        2018-12-17 8077 2018-12-17 2018-12-17 წიგნი დარდაფი